Pharmaceutical Analysis (Record no. 15401)
[ view plain ]
| 000 -LEADER | |
|---|---|
| fixed length control field | 00200nam a2200085Ia 4500 |
| 008 - FIXED-LENGTH DATA ELEMENTS--GENERAL INFORMATION | |
| fixed length control field | 170617s9999 xx 000 0 und d |
| 100 ## - MAIN ENTRY--PERSONAL NAME | |
| Personal name | Watson- David L |
| 245 #0 - TITLE STATEMENT | |
| Title | Pharmaceutical Analysis |
| 260 ## - PUBLICATION, DISTRIBUTION, ETC. | |
| Name of publisher, distributor, etc. | Elesvir Pub |
| 260 ## - PUBLICATION, DISTRIBUTION, ETC. | |
| Date of publication, distribution, etc. | 2005 |
| Withdrawn status | Lost status | Source of classification or shelving scheme | Damaged status | Not for loan | Home library | Current library | Date acquired | Cost, normal purchase price | Total Checkouts | Barcode | Date last seen | Date last checked out | Price effective from | Koha item type |
|---|---|---|---|---|---|---|---|---|---|---|---|---|---|---|
| IIMT University College of Medical Sciences | IIMT University College of Medical Sciences | 06/22/2017 | 2692.00 | 1 | 02-B-5478 | 09/08/2017 | 08/31/2017 | 06/22/2017 | Text-Book- for 7 days |

